| 000 | 00919nam a22002657a 4500 | ||
|---|---|---|---|
| 005 | 20080926152134.0 | ||
| 008 | 080926t xxu||||| |||| 00| 0 eng d | ||
| 010 | _aENG-91062 | ||
| 020 |
_a9788184500899 _c2350.00 |
||
| 035 | _aEN-74595 | ||
| 037 | _bDBAD / PUB | ||
| 040 | _aDPL | ||
| 082 | _a305.42 | ||
| 245 |
_aNew dimensions of women empowerment / _cedited by Ajit Kumar Sinha |
||
| 260 |
_aNew Delhi _bDeep & Deep Publications _c2008 |
||
| 300 |
_axxviii,755p. _c23cm.(Hb) |
||
| 500 | _aIncludes index | ||
| 650 |
_aWomen in development _zIndia |
||
| 650 |
_aWomen's rights _zIndia |
||
| 650 |
_aWomen _xGovernment policy _zIndia |
||
| 700 | _aAneet | ||
| 700 | _aRamanjeet Singh | ||
| 942 |
_2ddc _cEN _h305.42 _mNEW |
||
| 999 |
_c15767 _d15767 |
||